Seepage analysis, retrofitting of DPC and lowering of ground water in sialkot garrison (Record no. 554254)
[ view plain ]
| 000 -LEADER | |
|---|---|
| fixed length control field | 00521nam a22001697a 4500 |
| 082 ## - DEWEY DECIMAL CLASSIFICATION NUMBER | |
| Classification number | P-820 |
| 245 ## - TITLE STATEMENT | |
| Title | Seepage analysis, retrofitting of DPC and lowering of ground water in sialkot garrison |
| 260 ## - PUBLICATION, DISTRIBUTION, ETC. | |
| Place of publication, distribution, etc. | Risalpur, |
| Name of publisher, distributor, etc. | MCE, |
| Date of publication, distribution, etc. | 2019. |
| 300 ## - PHYSICAL DESCRIPTION | |
| Extent | 78p. |
| Other physical details | ill. |
| Dimensions | 30cm |
| 526 ## - STUDY PROGRAM INFORMATION NOTE | |
| Program name | 0 |
| Interest level | 0 |
| Reading level | 0 |
| Title point value | P_820 |
| 700 ## - ADDED ENTRY--PERSONAL NAME | |
| Personal name | Butt, Muhammad Abid |
| 9 (RLIN) | 51651 |
| 700 ## - ADDED ENTRY--PERSONAL NAME | |
| Personal name | Khalid, Bin Usman |
| 9 (RLIN) | 51652 |
| 700 ## - ADDED ENTRY--PERSONAL NAME | |
| Personal name | Khan, Khurram Sattar |
| 9 (RLIN) | 51653 |
| 700 ## - ADDED ENTRY--PERSONAL NAME | |
| Personal name | Shabbir, Usman |
| 9 (RLIN) | 51654 |
| 700 ## - ADDED ENTRY--PERSONAL NAME | |
| Personal name | Wazir, Nouman Mahmood |
| 9 (RLIN) | 51655 |
| 942 ## - ADDED ENTRY ELEMENTS (KOHA) | |
| Source of classification or shelving scheme | |
| Koha item type | Book |
| Withdrawn status | Lost status | Source of classification or shelving scheme | Damaged status | Not for loan | Permanent Location | Current Location | Date acquired | Total Checkouts | Full call number | Barcode | Date last seen | Date last checked out | Price effective from | Koha item type |
|---|---|---|---|---|---|---|---|---|---|---|---|---|---|---|
| Military College of Engineering (MCE) | Military College of Engineering (MCE) | 08/20/2019 | 1 | P-820 | MCE-P-820 | 01/10/2020 | 10/21/2019 | 08/20/2019 | Book |
